Carefully Measured Words Quiz Stats

 Plays Quiz Updated Aug 17, 2016

Support Sporcle.
Go Orange.
Score 0/16 Timer 03:00
2 Plays Today
Definition Word % Correct
(n.) A dish of mashed avocado seasoned with condimentsGuacamole
93.5%
(n.) A word formed by rearranging the letters of another wordAnagram
93%
(adj.) Having had a previous owner; not newSecondhand
92.3%
(adj.) Unable to read or writeIlliterate
91.5%
(n.) A flat plastic piece attached to a handle, used to kill insectsFlyswatter
90.3%
(n.) A person employed by a nightclub to eject troublemakersBouncer
89.3%
(n.) A person who is mean spirited, particularly around ChristmasGrinch
88.5%
(adj.) Causing intense disgustRevolting
87.5%
Definition Word % Correct
(n.) A person with whom one works, especially in a profession or businessColleague
83%
(n.) A burial ground or graveyardCemetery
80.6%
(n.) A large branched candlestick or holder for several candles or lampsCandelabrum
75.6%
(adj.) Considered to be holy and deserving of respectSacred
73.9%
(adj.) Referring to places or climates between the equator and 23rd parallelsTropical
63.9%
(n.) A plant, such as a pine, that retains leaves through multiple growing seasonsEvergreen
63.4%
(n.) An exact copy, especially of written or printed materialFacsimile
59.6%
(adj.) Rich & profuse in growth; lush or thick & healthyLuxuriant
26%

You're not logged in!

Compare scores with friends on all Sporcle quizzes.
OR
Log In

From the Vault

Second 'U' Countries

by Scorpio

Uganda...no, um Ukraine!!...nope...Saudi Arabia *bangs head*
Remove Ads.
Support Sporcle.
Get the best of Sporcle when you Go Orange. This ad-free experience offers more features, more stats, and more fun while also helping to support Sporcle. Thank you for becoming a member.

Show Comments

Extras

Top Quizzes Today


Score Distribution

Your Account Isn't Verified!

In order to create a playlist on Sporcle, you need to verify the email address you used during registration. Go to your Sporcle Settings to finish the process.

Report this User

Report this user for behavior that violates our Community Guidelines.

Details: